Behavioural Biases and Stock Market Reaction: Evidence from Six Post-communist Countries
Vzťah medzi niekoľkými predsudkami v správaní a reakciami na trhoch s akciami. Analýza šiestich postkomunistických krajín (Rumunsko, Poľsko, Maďarsko, Slovinsko, Slovenská republika a Česká republika) za obdobie január 2012 - september 2019. Vplyv rôznych opatrení použitých v literatúre o behaviorál...
Gespeichert in:
| 1. Verfasser: | |
|---|---|
| Format: | Buchkapitel |
| Sprache: | Englisch |
| Schlagworte: | |
| Tags: |
Keine Tags, Fügen Sie das erste Tag hinzu!
|
MARC
| LEADER | 00000naa a2200000 4500 | ||
|---|---|---|---|
| 001 | 0268539 | ||
| 005 | 20200922090930.3 | ||
| 041 | 0 | |a eng | |
| 044 | |a SK | ||
| 245 | 1 | 0 | |a Behavioural Biases and Stock Market Reaction: Evidence from Six Post-communist Countries |c Ruxanda Trifan |
| 520 | |a Vzťah medzi niekoľkými predsudkami v správaní a reakciami na trhoch s akciami. Analýza šiestich postkomunistických krajín (Rumunsko, Poľsko, Maďarsko, Slovinsko, Slovenská republika a Česká republika) za obdobie január 2012 - september 2019. Vplyv rôznych opatrení použitých v literatúre o behaviorálnom financovaní (optimizmus investorov, respektíve pesimizmus, spontánne správanie a ukotvujúci efekt) na objem obchodovania na trhoch s akciami. | ||
| 610 | 2 | 0 | |a oblasti obchodu voľného |
| 610 | 2 | 0 | |a správanie |
| 610 | 2 | 0 | |a trhy |
| 610 | 2 | 0 | |a trh akciový |
| 610 | 2 | 0 | |a papiere cenné |
| 610 | 2 | 0 | |a financovanie |
| 100 | 1 | |a Trifan, Ruxanda | |